[Event "6th Asia-ch"]
[Site "Cebu City PHI"]
[Date "2007.09.28"]
[Round "10.6"]
[White "Ganguly, Surya Shekhar"]
[Black "Wen Yang"]
[Result "0-1"]
[WhiteElo "2586"]
[BlackElo "2475"]
[EventDate "2007.09.19"]
[PlyCount "56"]

1.e4 e5 2.Nf3 d6 3.d4 exd4 4.Nxd4 Nf6 5.Nc3 Be7 6.g3 Nc6 7.Bg2 O-O 8.h3 
Nxd4 9.Qxd4 Be6 10.f4 Nd7 11.Be3 Nb6 12.O-O-O Nc4 13.Bf2 c5 14.Qd3 Qa5 15.
Kb1 Qb4 16.b3 Na3+ 17.Kc1 c4 18.Qd4 Bf6 19.e5 dxe5 20.fxe5 Rad8 21.Nd5 
Bg5+ 22.Be3 Rxd5 23.Bxd5 Nb5 24.Qxc4 Bxe3+ 25.Kb2 Qa3+ 26.Kb1 Qa5 27.Kb2 
Rc8 28.Qe4 Qc3+ 0-1

[Event "6th Asia-ch"]
[Site "Cebu City PHI"]
[Date "2007.09.28"]
[Round "10.7"]
[White "Al-Modiahki, Mohamad"]
[Black "Rohit, Goginenni"]
[Result "1/2-1/2"]
[WhiteElo "2563"]
[BlackElo "2470"]
[EventDate "2007.09.19"]
[PlyCount "185"]

1.e4 e5 2.Nf3 Nc6 3.Bb5 a6 4.Ba4 Nf6 5.O-O Nxe4 6.d4 b5 7.Bb3 d5 8.dxe5 
Be6 9.Nbd2 Be7 10.c3 Nc5 11.Bc2 d4 12.Nb3 d3 13.Nxc5 dxc2 14.Qxd8+ Rxd8 
15.Nxe6 fxe6 16.Be3 Rd5 17.Rac1 Nxe5 18.Nxe5 Rxe5 19.Rxc2 O-O 20.c4 b4 21.
Rd1 Bc5 22.Bxc5 Rxc5 23.b3 Kf7 24.Rd7+ Kf6 25.g3 a5 26.Rcd2 a4 27.R2d3 
axb3 28.axb3 Rf7 29.Rd8 Ra5 30.Rb8 c5 31.Re8 g6 32.Kg2 Ra6 33.Rc8 Ra2 34.
Rf3+ Kg7 35.Rxc5 Rb2 36.Rb5 Rxf3 37.Kxf3 Rxb3+ 38.Ke4 Kf6 39.Rb7 h5 40.h4 
Rb1 41.Kd4 e5+ 42.Ke4 b3 43.Rb6+ Kg7 44.Kd5 b2 45.Kc5 Kf7 46.Rb3 Ke6 47.
Kb5 e4 48.Rb4 Kd6 49.c5+ Kc7 50.Rb3 Kb7 51.c6+ Kc7 52.Rb4 Rc1 53.Rxb2 Rxc6
54.Re2 Rf6 55.Kc5 Rf5+ 56.Kd4 Kd6 57.Kxe4 Ke6 58.Ra2 Rb5 59.Ra6+ Kf7 60.f3
Kg7 61.Ra7+ Kf6 62.Ra4 Re5+ 63.Kf4 Rb5 64.Ra6+ Kf7 65.Rd6 Ra5 66.Ke4 Rb5 
67.Rd5 Rb3 68.Kf4 Kf6 69.Rd6+ Kg7 70.Rd7+ Kf6 71.Rd6+ Kg7 72.Re6 Kf7 73.
Re3 Rb5 74.Re5 Rb3 75.g4 hxg4 76.fxg4 Kf6 77.g5+ Kf7 78.Ra5 Rb4+ 79.Ke5 
Rxh4 80.Ra7+ Kg8 81.Kf6 Rb4 82.Rg7+ Kh8 83.Re7 Kg8 84.Re6 Rb8 85.Kxg6 Ra8 
86.Kh6 Rb8 87.Kg6 Kh8 88.Re4 Kg8 89.Ra4 Kh8 90.Kh5 Kg7 91.Ra7+ Kg8 92.Rc7 
Rb6 93.Rd7 1/2-1/2

[Event "6th Asia-ch"]
[Site "Cebu City PHI"]
[Date "2007.09.28"]
[Round "10.8"]
[White "Li Chao"]
[Black "Sandipan, Chanda"]
[Result "1-0"]
[WhiteElo "2529"]
[BlackElo "2563"]
[EventDate "2007.09.19"]
[PlyCount "49"]

1.e4 c5 2.Nf3 d6 3.d4 cxd4 4.Nxd4 Nf6 5.Nc3 a6 6.Bg5 e6 7.f4 Qb6 8.Qd2 
Qxb2 9.Rb1 Qa3 10.Be2 Nc6 11.Nxc6 bxc6 12.O-O Qa5 13.Bf3 d5 14.exd5 cxd5 
15.f5 Bb4 16.Rb3 h6 17.Bxf6 gxf6 18.Kh1 Ra7 19.Qd4 Rb7 20.fxe6 fxe6 21.
Bxd5 Bxc3 22.Rxc3 Rc7 23.Bc6+ Bd7 24.Bxd7+ Rxd7 25.Qxf6 1-0

[Event "6th Asia-ch"]
[Site "Cebu City PHI"]
[Date "2007.09.28"]
[Round "10.10"]
[White "Antonio, Rogelio jr"]
[Black "Neelotpal, Das"]
[Result "1-0"]
[WhiteElo "2532"]
[BlackElo "2485"]
[EventDate "2007.09.19"]
[PlyCount "79"]

1.e4 c5 2.Nf3 e6 3.d4 cxd4 4.Nxd4 Nf6 5.Bd3 d6 6.O-O Nc6 7.Nxc6 bxc6 8.c4 
e5 9.Nc3 Be7 10.b3 O-O 11.Qe2 Bg4 12.f3 Be6 13.Rd1 Nh5 14.g3 g6 15.Be3 Bg5
16.Bf2 Bh6 17.c5 Qa5 18.Na4 d5 19.exd5 Bxd5 20.Bc4 Bxc4 21.Qxc4 Rfd8 22.
Nc3 Bf8 23.Ne4 Qc7 24.b4 Be7 25.a4 Nf6 26.b5 Nd5 27.Rd3 Rd7 28.Rad1 Rad8 
29.bxc6 Qxc6 30.Qb5 Qa8 31.c6 Nc3 32.Rxd7 Nxb5 33.axb5 Kf8 34.Bc5 Bxc5+ 
35.Nxc5 Re8 36.Rb7 Rd8 37.Rdd7 Kg8 38.Rxf7 Rd1+ 39.Kf2 Rd2+ 40.Ke3 1-0

[Event "6th Asia-ch"]
[Site "Cebu City PHI"]
[Date "2007.09.28"]
[Round "10.11"]
[White "Li Shilong"]
[Black "Deepan Chakravarthy, Jeyakumar"]
[Result "1/2-1/2"]
[WhiteElo "2550"]
[BlackElo "2479"]
[EventDate "2007.09.19"]
[PlyCount "89"]

1.e4 e5 2.Nf3 Nc6 3.Bb5 a6 4.Ba4 Nf6 5.O-O Be7 6.Bxc6 dxc6 7.d3 Nd7 8.b3 
c5 9.Bb2 Bd6 10.Nbd2 b5 11.a4 Bb7 12.axb5 axb5 13.Rxa8 Bxa8 14.Qa1 f6 15.
Nh4 g6 16.g3 O-O 17.f4 exf4 18.gxf4 f5 19.Ng2 Nb6 20.Qe1 c4 21.Nf3 Bc5+ 
22.Kh1 fxe4 23.Ng5 Re8 24.dxc4 e3 25.Qc3 Bxg2+ 26.Kxg2 Qd2+ 27.Qxd2 exd2 
28.Be5 Bd6 29.Ne4 Bxe5 30.fxe5 Rxe5 31.Nxd2 bxc4 32.bxc4 g5 33.Kg3 Kg7 34.
Rf3 h5 35.Rd3 Kg6 36.Rb3 Re2 37.Nf3 Nxc4 38.Rb5 g4 39.Nh4+ Kh6 40.Rc5 Nd6 
41.Rxc7 Re3+ 42.Kf4 Re4+ 43.Kg3 Re3+ 44.Kf4 Re4+ 45.Kg3 1/2-1/2

[Event "6th Asia-ch"]
[Site "Cebu City PHI"]
[Date "2007.09.28"]
[Round "10.12"]
[White "Utut Adianto"]
[Black "Hossain, Enamul"]
[Result "0-1"]
[WhiteElo "2583"]
[BlackElo "2485"]
[EventDate "2007.09.19"]
[PlyCount "120"]

1.d4 d5 2.Nf3 Nf6 3.c4 c6 4.g3 Bf5 5.Bg2 e6 6.O-O Nbd7 7.Qb3 Qb6 8.c5 Qa6 
9.Nc3 h6 10.Nd2 b6 11.e4 dxe4 12.cxb6 Nxb6 13.Ndxe4 Nxe4 14.Nxe4 Nd5 15.
Bf4 Nxf4 16.gxf4 Be7 17.Rac1 O-O 18.Rxc6 Qa5 19.Ng3 Rab8 20.Qe3 Rxb2 21.d5
Bd8 22.Nh5 Rb6 23.Qd4 f6 24.Ng3 Rxc6 25.dxc6 Bb6 26.Qc4 Kh8 27.Nxf5 Qxf5 
28.Rd1 Rc8 29.a4 e5 30.Kf1 exf4 31.Qe4 Qh5 32.Rd5 Qh4 33.Rd2 Qg5 34.Bh3 f3
35.Qxf3 Rf8 36.Rd1 Qe5 37.Bf5 Qxh2 38.a5 Bxa5 39.Qg2 Qh5 40.Rd5 Re8 41.Qh3
Qxh3+ 42.Bxh3 Re1+ 43.Kg2 Bb6 44.Rd2 Rc1 45.Bd7 h5 46.Rd5 g6 47.Be8 Kg7 
48.Rd7+ Kh6 49.Rd6 Re1 50.Bd7 Kg7 51.Rd2 Rc1 52.Re2 Kh6 53.Rd2 h4 54.Rd4 
Kg5 55.Rd2 Rc3 56.f3 Kf4 57.Rd6 Rc2+ 58.Kh3 Bg1 59.Kxh4 Rh2+ 60.Bh3 Bf2# 
0-1

[Event "6th Asia-ch"]
[Site "Cebu City PHI"]
[Date "2007.09.28"]
[Round "10.15"]
[White "Xu Jun"]
[Black "Al-Sayed, Mohamad Naser"]
[Result "1/2-1/2"]
[WhiteElo "2574"]
[BlackElo "2469"]
[EventDate "2007.09.19"]
[PlyCount "106"]

1.d4 d5 2.Nf3 Nf6 3.c4 c6 4.Nc3 dxc4 5.a4 Bf5 6.Ne5 Nbd7 7.Nxc4 Qc7 8.g3 
e5 9.dxe5 Nxe5 10.Bf4 Nfd7 11.Bg2 g5 12.Ne3 gxf4 13.Nxf5 O-O-O 14.Qc2 Nc5 
15.O-O fxg3 16.hxg3 a5 17.Rad1 h5 18.Rxd8+ Qxd8 19.Ne4 Nxe4 20.Qxe4 Qf6 
21.e3 Bb4 22.Bh3 Kc7 23.Rd1 Rd8 24.Rxd8 Kxd8 25.Kg2 Kc7 26.Qd4 Qe6 27.Ng7 
Qd5+ 28.Qxd5 cxd5 29.Bf5 b5 30.b3 bxa4 31.bxa4 Bc3 32.Nxh5 Kd6 33.Nf4 d4 
34.Ne2 Kc5 35.Kh3 Nc4 36.exd4+ Bxd4 37.Nxd4 Kxd4 38.Kg4 Nb6 39.Bc2 Kc3 40.
Bd1 Kb4 41.Kf5 Nxa4 42.Bh5 f6 43.g4 Nc5 44.Be8 a4 45.Bxa4 Kxa4 46.Kxf6 
Ne4+ 47.Kf5 Nxf2 48.g5 Nd1 49.g6 Ne3+ 50.Kf6 Nd5+ 51.Kf7 Ne3 52.Kf6 Nd5+ 
53.Kf7 Ne3 1/2-1/2

[Event "6th Asia-ch"]
[Site "Cebu City PHI"]
[Date "2007.09.28"]
[Round "10.16"]
[White "Arun Prasad, Subramanian"]
[Black "Nguyen Anh Dung"]
[Result "0-1"]
[WhiteElo "2448"]
[BlackElo "2537"]
[EventDate "2007.09.19"]
[PlyCount "106"]

1.d4 Nf6 2.c4 e6 3.Nf3 b6 4.g3 Bb7 5.Bg2 Be7 6.O-O O-O 7.Nc3 Ne4 8.Bd2 f5 
9.d5 Bf6 10.Rc1 Na6 11.Qc2 Bxc3 12.Bxc3 exd5 13.cxd5 Bxd5 14.Rfd1 c6 15.b3
Qe7 16.Bb2 Nb4 17.Qb1 a5 18.Ne5 Nc5 19.Nc4 Bxc4 20.bxc4 Qxe2 21.Bf1 Qg4 
22.a3 Nba6 23.Re1 Ne6 24.Be5 f4 25.h3 Qg5 26.h4 Qh6 27.Qxb6 Nac5 28.Rcd1 
fxg3 29.fxg3 Rf3 30.Qb2 Raf8 31.Qc2 Rxf1+ 32.Rxf1 Qe3+ 33.Kh2 Rxf1 34.Rxf1
Qxe5 35.Qf2 h6 36.Qf7+ Kh7 37.h5 Qe2+ 38.Rf2 Qg4 39.Rf6 a4 40.Qg6+ Qxg6 
41.hxg6+ Kg8 42.Rf5 Nb3 43.Re5 Kf8 44.Rf5+ Ke7 45.Kh3 Kd6 46.Kh4 Nd2 47.
Ra5 Nc5 48.Kh5 Nxc4 49.Ra8 Nxa3 50.Rg8 Ne6 51.Ra8 Nc4 52.Rxa4 Ne5 53.Ra8 
c5 0-1

[Event "6th Asia-ch"]
[Site "Cebu City PHI"]
[Date "2007.09.28"]
[Round "10.17"]
[White "Wang Rui"]
[Black "Torre, Eugenio"]
[Result "1/2-1/2"]
[WhiteElo "2482"]
[BlackElo "2536"]
[EventDate "2007.09.19"]
[PlyCount "135"]

1.d4 d6 2.Nf3 Bg4 3.c4 Nd7 4.Nc3 e5 5.g3 c6 6.Bg2 Ngf6 7.O-O Be7 8.h3 Bh5 
9.Nh4 O-O 10.Nf5 Re8 11.Nxe7+ Qxe7 12.Be3 e4 13.b4 Nb6 14.Bg5 Nxc4 15.d5 
Bg6 16.Rc1 Nb6 17.dxc6 bxc6 18.e3 h6 19.Bh4 Qe5 20.g4 d5 21.Qb3 h5 22.Bg3 
Qe6 23.g5 Nh7 24.h4 Nc4 25.Rfd1 f6 26.gxf6 Nxf6 27.Ne2 Bf7 28.Qc3 Ng4 29.
Nd4 Qg6 30.b5 Ngxe3 31.bxc6 Nxd1 32.Rxd1 e3 33.Re1 Rac8 34.Kh2 exf2 35.
Bxf2 Rxe1 36.Qxe1 Rxc6 37.Nxc6 Qxc6 38.Bd4 Nd6 39.Qe5 Ne4 40.Bxa7 Nf6 41.
Qb8+ Kh7 42.Qf4 Ng4+ 43.Kh1 Bg6 44.Bd4 Qc4 45.a4 Qxa4 46.Bxd5 Qd1+ 47.Kg2 
Qe2+ 48.Kh3 Qd3+ 49.Kg2 Qc2+ 50.Kf1 Qd1+ 51.Kg2 Qe2+ 52.Kh3 Nh6 53.Bf2 
Bf5+ 54.Kg3 Bd3 55.Bf3 Qe8 56.Kg2 Bg6 57.Kh2 Qe6 58.Kg2 Ng8 59.Kh2 Nf6 60.
Kg1 Be4 61.Be2 Qb3 62.Bd4 Qc2 63.Qe3 Qb1+ 64.Kf2 Qh1 65.Qg5 Qh2+ 66.Ke1 
Qh1+ 67.Kd2 Bg6 68.Bxf6 1/2-1/2

[Event "6th Asia-ch"]
[Site "Cebu City PHI"]
[Date "2007.09.28"]
[Round "10.19"]
[White "Paragua, Mark"]
[Black "Djinh Djuc Trong"]
[Result "1-0"]
[WhiteElo "2525"]
[BlackElo "2354"]
[EventDate "2007.09.19"]
[PlyCount "109"]

1.e4 g6 2.d4 Bg7 3.Nc3 e6 4.f4 Ne7 5.Nf3 b6 6.Be3 d6 7.Bd3 Nd7 8.O-O Nf6 
9.h3 O-O 10.Bf2 Bb7 11.Bh4 c5 12.e5 Nfd5 13.Nxd5 Bxd5 14.c4 Bxf3 15.Qxf3 
cxd4 16.Qb7 Re8 17.Rae1 d5 18.cxd5 Qxd5 19.Qxd5 Nxd5 20.Be4 Rac8 21.Bxd5 
exd5 22.Rd1 Rc4 23.b3 Rb4 24.Rd3 h6 25.a4 Rc8 26.Be1 Bf8 27.Bxb4 Bxb4 28.
Kh1 Bc3 29.g4 Re8 30.h4 g5 31.fxg5 hxg5 32.h5 Rxe5 33.Rdf3 Re7 34.Rf5 Bd2 
35.Rxd5 Be3 36.Re1 Rc7 37.Kg2 Rc2+ 38.Kf3 Rf2+ 39.Kg3 Rb2 40.Rh1 Rf2 41.
Rxg5+ Kh7 42.Rf5 Rxf5 43.gxf5 d3 44.Kf3 Bg5 45.b4 a5 46.b5 Kh6 47.Ke4 d2 
48.Kf3 Be7 49.Ke2 Bg5 50.Rh3 Bf4 51.Rh4 Be3 52.Re4 Bg1 53.Kxd2 Kxh5 54.Re7
f6 55.Rh7+ 1-0

[Event "6th Asia-ch"]
[Site "Cebu City PHI"]
[Date "2007.09.28"]
[Round "10.20"]
[White "So, Wesley"]
[Black "Shen Yang"]
[Result "1-0"]
[WhiteElo "2516"]
[BlackElo "2439"]
[EventDate "2007.09.19"]
[PlyCount "65"]

1.e4 e5 2.Bc4 Nf6 3.d3 Nc6 4.Nc3 Bb4 5.Ne2 d5 6.exd5 Nxd5 7.O-O Nb6 8.Bb3 
Na5 9.f4 Nxb3 10.axb3 exf4 11.Nxf4 O-O 12.Qf3 c6 13.Nh5 Bc5+ 14.Kh1 Qh4 
15.h3 Be6 16.Bf4 Nd7 17.Bg3 Qd8 18.Rae1 g6 19.Nf4 Bf5 20.Bh2 Nb6 21.Nh5 
Nd7 22.Ng3 Be6 23.Nge4 Bd4 24.Bd6 Re8 25.Bf4 Nc5 26.Bg5 Qc7 27.Nxc5 Bxc5 
28.Ne4 Bf8 29.Nf6+ Kh8 30.Re4 Red8 31.Rh4 h6 32.Bxh6 Bxh6 33.Qe3 1-0

[Event "6th Asia-ch"]
[Site "Cebu City PHI"]
[Date "2007.09.28"]
[Round "10.21"]
[White "Alavi Sayed, Javad"]
[Black "Ardeshi, Mehrdad"]
[Result "0-1"]
[WhiteElo "2493"]
[BlackElo "2407"]
[EventDate "2007.09.19"]
[PlyCount "94"]

1.e4 c5 2.Nf3 d6 3.d4 cxd4 4.Nxd4 Nf6 5.Nc3 Nc6 6.f3 g6 7.Be3 Bg7 8.Qd2 
O-O 9.O-O-O d5 10.exd5 Nxd5 11.Nxc6 bxc6 12.Bd4 e5 13.Bc5 Be6 14.Ne4 Re8 
15.c4 Qc7 16.Bd6 Qb6 17.Nc5 Nc7 18.Na4 Qb7 19.Bd3 Rad8 20.Qb4 Qc8 21.Rhe1 
a5 22.Qc5 Na6 23.Qa3 f6 24.Be4 f5 25.Bc2 Bf7 26.Nc3 Bxc4 27.Qxa5 c5 28.Ba4
Nb4 29.Bxe8 Nd3+ 30.Rxd3 Bxd3 31.Qxc5 Bh6+ 32.Kd1 Qxc5 33.Bxc5 Rxe8 34.a4 
e4 35.a5 Rd8 36.Be3 f4 37.Bb6 Rd7 38.Kc1 e3 39.Ne4 Re7 40.Nc5 Bb5 41.Ne4 
g5 42.Rd1 Rxe4 43.fxe4 g4 44.Rd8+ Kf7 45.Bxe3 fxe3 46.Kd1 e2+ 47.Ke1 Bf8 
0-1

[Event "6th Asia-ch"]
[Site "Cebu City PHI"]
[Date "2007.09.28"]
[Round "10.22"]
[White "Girinath, P. D. S."]
[Black "Tu Hoang Thong"]
[Result "1-0"]
[WhiteElo "2440"]
[BlackElo "2483"]
[EventDate "2007.09.19"]
[PlyCount "59"]

1.f4 g6 2.Nf3 Bg7 3.g3 d6 4.d3 e5 5.Nc3 c6 6.Bg2 exf4 7.Bxf4 Nf6 8.Qd2 O-O
9.e4 d5 10.e5 d4 11.Ne2 Ng4 12.h3 Ne3 13.Bxe3 dxe3 14.Qxe3 Re8 15.O-O Nd7 
16.d4 c5 17.c3 f6 18.Rad1 cxd4 19.cxd4 Qb6 20.Nf4 fxe5 21.Nd5 Qd8 22.dxe5 
h6 23.e6 Nb6 24.e7 Qd6 25.Nh4 g5 26.Nf6+ Qxf6 27.Rxf6 Bxf6 28.Rd8 Bxh3 29.
Bxh3 gxh4 30.Qxh6 1-0

[Event "6th Asia-ch"]
[Site "Cebu City PHI"]
[Date "2007.09.28"]
[Round "10.23"]
[White "Zhou Weiqi"]
[Black "Yap Kim, Steven"]
[Result "0-1"]
[WhiteElo "2469"]
[BlackElo "2246"]
[EventDate "2007.09.19"]
[PlyCount "116"]

1.d4 Nf6 2.Nf3 c5 3.c4 cxd4 4.Nxd4 Nc6 5.Nc3 e6 6.g3 Bc5 7.Nb3 Bb4 8.Bg2 
d5 9.cxd5 Nxd5 10.Bd2 Nxc3 11.Bxc3 Bxc3+ 12.bxc3 Qc7 13.O-O e5 14.Nc5 O-O 
15.Qa4 Ne7 16.Qb4 Rb8 17.Qa3 Nc6 18.Rab1 b6 19.Na6 Bxa6 20.Qxa6 Na5 21.Bd5
Rfd8 22.e4 Rd6 23.Qe2 Rf6 24.Rfd1 g6 25.Rd3 Kg7 26.Rbd1 Rd8 27.a4 Nb7 28.
R3d2 Nc5 29.Qc4 Rd7 30.h4 Qc8 31.Qb5 Rfd6 32.Qc4 Qa6 33.Qxa6 Nxa6 34.Ra2 
Rc7 35.Ra3 Rc5 36.c4 Rxc4 37.Bxc4 Rxd1+ 38.Kg2 Nc5 39.Bd5 Rd4 40.a5 Ra4 
41.Rf3 f6 42.axb6 axb6 43.Rc3 f5 44.exf5 gxf5 45.Rc2 Rd4 46.Bc6 Rd6 47.Bb5
e4 48.Ra2 Kf6 49.Ra7 h6 50.Rh7 Ke5 51.f4+ Kd4 52.Rf7 Ke3 53.Rxf5 Rd2+ 54.
Kh3 Kf3 55.Be8 Rg2 56.Bh5+ Kf2 57.g4 Nd3 58.g5 Kg1 0-1

[Event "6th Asia-ch"]
[Site "Cebu City PHI"]
[Date "2007.09.28"]
[Round "10.24"]
[White "Toufighi, Homayoon"]
[Black "Ghaem Maghami, Ehsan"]
[Result "1/2-1/2"]
[WhiteElo "2391"]
[BlackElo "2610"]
[EventDate "2007.09.19"]
[PlyCount "30"]

1.e4 c6 2.d4 g6 3.Nc3 d5 4.Nf3 Bg7 5.Bf4 Bg4 6.exd5 cxd5 7.h3 Bxf3 8.Qxf3 
Nf6 9.Be5 Nc6 10.Bxf6 Bxf6 11.Nxd5 Bxd4 12.c3 e6 13.Bb5 Bxf2+ 14.Kxf2 Qxd5
15.Qxd5 exd5 1/2-1/2

[Event "6th Asia-ch"]
[Site "Cebu City PHI"]
[Date "2007.09.28"]
[Round "10.27"]
[White "Sadorra, Julio"]
[Black "Bitoon, Richard"]
[Result "1/2-1/2"]
[WhiteElo "2421"]
[BlackElo "2399"]
[EventDate "2007.09.19"]
[PlyCount "177"]

1.Nf3 c5 2.c4 e6 3.g3 b6 4.Bg2 Bb7 5.O-O Nf6 6.Nc3 Be7 7.Re1 d6 8.e4 a6 9.
d4 cxd4 10.Nxd4 Qc7 11.Be3 Nbd7 12.Rc1 Rc8 13.f4 Qb8 14.b3 O-O 15.g4 Nc5 
16.Bf2 h6 17.Bg3 Qa8 18.Qe2 Rfe8 19.g5 hxg5 20.fxg5 Nh7 21.b4 Bxg5 22.bxc5
bxc5 23.Nb3 Bxc1 24.Rxc1 d5 25.Na5 d4 26.Nxb7 Qxb7 27.e5 Qb4 28.Ne4 Rb8 
29.Rf1 Qa3 30.Qg4 Rb2 31.Kh1 Qe3 32.Bf2 Qd3 33.Nxc5 Qxc4 34.Ne4 Qe2 35.
Qxe2 Rxe2 36.a4 Rd8 37.Bf3 Ra2 38.Nc5 Ng5 39.Bb7 d3 40.Be3 f6 41.Bxg5 d2 
42.Rd1 fxg5 43.Nxe6 Rd3 44.Nxg5 Rc2 45.Kg2 Rc1 46.Bf3 Rxf3 47.Rxd2 Rf5 48.
Rd8+ Rf8 49.Rd7 Re8 50.e6 Rc4 51.Kf3 Rxa4 52.Ne4 Ra5 53.h4 Rf8+ 54.Ke3 Re8
55.Kf4 Rxe6 56.Rd8+ Kh7 57.Ng5+ Rxg5 58.Kxg5 Re5+ 59.Kf4 Rh5 60.Kg4 Ra5 
61.Rd6 Ra1 62.Kg3 a5 63.Ra6 a4 64.Kg2 a3 65.h5 Ra2+ 66.Kg3 Ra1 67.Kg2 Kh8 
68.Kh2 Kh7 69.Kg2 Kg8 70.Ra7 Ra2+ 71.Kg3 Ra1 72.Kg2 Kf8 73.Kh2 a2 74.Kg2 
Ke8 75.Kh2 Kd8 76.Kg2 Kc8 77.Kh2 Kb8 78.Ra3 Kc7 79.Kg2 Kd6 80.Ra5 Kc6 81.
Kh2 Kb6 82.Ra8 Kc5 83.Kg2 Kc4 84.Rc8+ Kd5 85.Ra8 Ke4 86.Ra5 Ke3 87.Ra3+ 
Kf4 88.Ra7 Kf5 89.Kh2 1/2-1/2

[Event "6th Asia-ch"]
[Site "Cebu City PHI"]
[Date "2007.09.28"]
[Round "10.28"]
[White "Khader, Sami"]
[Black "Bagamasbad, Efren"]
[Result "1/2-1/2"]
[WhiteElo "2422"]
[BlackElo "2331"]
[EventDate "2007.09.19"]
[PlyCount "127"]

1.e4 c5 2.c3 g6 3.d4 cxd4 4.cxd4 d5 5.exd5 Nf6 6.Nc3 Bg7 7.Nf3 O-O 8.Qb3 
e6 9.Be2 Nxd5 10.O-O Nc6 11.Rd1 a6 12.Bg5 Qa5 13.Rac1 h6 14.Be3 Qb4 15.Qc2
Nxe3 16.fxe3 Qb6 17.Na4 Qd8 18.Qc5 Re8 19.Ne5 Nxe5 20.dxe5 Qg5 21.Nb6 Rb8 
22.b4 Bxe5 23.Rc4 Bf6 24.Qxg5 Bxg5 25.Kf2 e5 26.Nd7 Bxd7 27.Rxd7 Re7 28.
Rcc7 Kf8 29.Rxe7 Bxe7 30.Bc4 b5 31.Bd5 Rb6 32.a3 f5 33.Ra7 Rd6 34.e4 fxe4 
35.Bxe4 Bg5 36.Rc7 Rd2+ 37.Kf3 Ra2 38.Bxg6 Rxa3+ 39.Ke4 Ra4 40.Kf5 Rxb4 
41.g3 Rc4 42.Rf7+ Kg8 43.Rb7 Rc6 44.Bf7+ Kf8 45.Be6 e4 46.Bd5 Rf6+ 47.Kxe4
Bd2 48.Kd3 Be1 49.Rc7 b4 50.Rc8+ Ke7 51.Rc7+ Kd8 52.Rc6 Rxc6 53.Bxc6 Kc7 
54.Ba4 Kd6 55.Kc4 Ke5 56.h4 a5 57.h5 Kf5 58.Bd7+ Kg5 59.g4 Kf4 60.Kb3 Ke3 
61.Ba4 Bc3 62.Bb5 Kd2 63.Ba4 Kc1 64.Bb5 1/2-1/2

[Event "6th Asia-ch"]
[Site "Cebu City PHI"]
[Date "2007.09.28"]
[Round "10.29"]
[White "Hussein, Noah A."]
[Black "Nadera, Barlo"]
[Result "0-1"]
[WhiteElo "2341"]
[BlackElo "2402"]
[EventDate "2007.09.19"]
[PlyCount "108"]

1.e4 e6 2.d4 d5 3.exd5 exd5 4.Nf3 Bd6 5.c4 c6 6.Nc3 Ne7 7.Bd3 h6 8.O-O a6 
9.c5 Bc7 10.Re1 O-O 11.Nh4 Ng6 12.Nf5 Qf6 13.Qg4 Be6 14.Ne2 Nd7 15.Neg3 
Rae8 16.Be3 Qd8 17.Qf3 Nf6 18.h4 Nxh4 19.Qd1 Nxf5 20.Nxf5 Qd7 21.Nd6 Bxd6 
22.cxd6 Qxd6 23.f3 Bc8 24.Qe2 Nh5 25.g4 Qg3+ 26.Qg2 Qxg2+ 27.Kxg2 Nf6 28.
Kf2 g5 29.Rg1 Kg7 30.Bd2 Rh8 31.a4 Nd7 32.b4 Nf8 33.Rac1 Ne6 34.Be3 Bd7 
35.Bf5 Nf8 36.Bd3 f6 37.f4 gxf4 38.Bxf4 Ne6 39.Be3 Ng5 40.Ke2 Re7 41.Rg3 
Be8 42.Kd2 Bg6 43.b5 axb5 44.axb5 Bxd3 45.Kxd3 Re6 46.Ra1 Ne4 47.Rf3 cxb5 
48.Ra5 Ra6 49.Rxb5 Ra3+ 50.Kc2 Rc8+ 51.Kb2 Rcc3 52.Rxb7+ Kg6 53.Bxh6 Rxf3 
54.Bf8 Rad3 0-1

[Event "6th Asia-ch"]
[Site "Cebu City PHI"]
[Date "2007.09.28"]
[Round "10.31"]
[White "Samhouri, Ahmad"]
[Black "Legaspi, Rhobel"]
[Result "0-1"]
[WhiteElo "2362"]
[BlackElo "2316"]
[EventDate "2007.09.19"]
[PlyCount "117"]

1.e4 Nf6 2.e5 Nd5 3.d4 d6 4.Nf3 g6 5.Bc4 c6 6.O-O Bg7 7.Re1 O-O 8.exd6 
Qxd6 9.Bg5 Be6 10.Nbd2 Nd7 11.Ne4 Qc7 12.Bb3 b5 13.c4 bxc4 14.Bxc4 Rfe8 
15.Qd3 a5 16.Rac1 Qb6 17.h3 Rab8 18.Bd2 Bf5 19.Bb3 Rbc8 20.Qc4 Bxe4 21.
Rxe4 e6 22.Qa4 Nb4 23.Bc4 Ra8 24.Qb3 c5 25.Be3 Qb7 26.Rh4 a4 27.Qd1 Nd5 
28.Bxd5 Qxd5 29.dxc5 Bxb2 30.Qxd5 exd5 31.Rd1 Nf6 32.Rb4 a3 33.Nd2 d4 34.
Rxd4 Bxd4 35.Bxd4 Nd5 36.Kf1 Nb4 37.Nc4 Nxa2 38.Ra1 Nb4 39.Rxa3 Nc2 40.
Rxa8 Rxa8 41.Be5 Rd8 42.Bd6 Re8 43.g3 Re1+ 44.Kg2 Rc1 45.Ne5 Ne1+ 46.Kh2 
f6 47.Nd7 Kf7 48.g4 Rc2 49.Kg3 Nd3 50.f3 g5 51.h4 h6 52.hxg5 hxg5 53.f4 
gxf4+ 54.Kf3 Ke6 55.Nf8+ Kd5 56.Bxf4 Rf2+ 57.Ke3 Rxf4 58.Kxd3 Rxg4 59.Nd7 
0-1

[Event "6th Asia-ch"]
[Site "Cebu City PHI"]
[Date "2007.09.28"]
[Round "10.32"]
[White "Tolentino, Rustum"]
[Black "Lalith Babu, Musunuri Rohit"]
[Result "1-0"]
[WhiteElo "2276"]
[BlackElo "2353"]
[EventDate "2007.09.19"]
[PlyCount "79"]

1.e4 c6 2.Nf3 d5 3.exd5 cxd5 4.Ne5 Nf6 5.d4 Nc6 6.Bb5 Bd7 7.Nxd7 Qxd7 8.c3
e6 9.O-O Bd6 10.Nd2 O-O 11.f4 Qc7 12.g3 Rac8 13.Bd3 Rfe8 14.Qf3 a6 15.g4 
Ne7 16.Rf2 Ng6 17.Nf1 b5 18.a3 Qb7 19.Ng3 Nf8 20.Bd2 a5 21.Kh1 Ra8 22.Rg1 
b4 23.axb4 axb4 24.c4 Ra2 25.c5 Bb8 26.Bc1 Ra1 27.g5 N6d7 28.f5 e5 29.g6 
Nf6 30.Nh5 Qe7 31.gxf7+ Qxf7 32.Nxf6+ Qxf6 33.Qxd5+ Kh8 34.Rfg2 Rd8 35.
Rxg7 Qxg7 36.Qxd8 Bc7 37.Qd5 Qxg1+ 38.Kxg1 Rxc1+ 39.Kg2 Kg7 40.Qb7 1-0

[Event "6th Asia-ch"]
[Site "Cebu City PHI"]
[Date "2007.09.28"]
[Round "10.33"]
[White "Russell, Majwuana Kankanamge Athula"]
[Black "Makinano, Anthony"]
[Result "0-1"]
[WhiteElo "2220"]
[BlackElo "2317"]
[EventDate "2007.09.19"]
[PlyCount "128"]

1.d4 f5 2.g3 Nf6 3.Bg2 e6 4.c4 d5 5.Nf3 c6 6.Qc2 Bd6 7.Bf4 O-O 8.Nbd2 Bxf4
9.gxf4 Ne4 10.e3 Bd7 11.Qb3 b5 12.c5 a5 13.Qc2 Be8 14.Ne5 Na6 15.a3 Rc8 
16.Nxe4 fxe4 17.O-O Nb8 18.f3 exf3 19.Bh3 Qe7 20.Rxf3 Nd7 21.Nxd7 Bxd7 22.
Raf1 Rf6 23.e4 Rcf8 24.Kh1 Rh6 25.e5 Be8 26.f5 Rxh3 27.Rxh3 exf5 28.Rxf5 
Bg6 29.Rxf8+ Qxf8 30.Qd2 Qf4 31.Re3 Bh5 32.Qd3 Bg6 33.Qe2 Qxd4 34.e6 Be4+ 
35.Kg1 Qxc5 36.Kf2 Qd4 37.Ke1 Qe5 38.Qg4 Kf8 39.Re2 Ke8 40.e7 Kxe7 41.Qc8 
Qd6 42.Rf2 Bg6 43.Qf8+ Kd7 44.Qxg7+ Qe7+ 45.Qxe7+ Kxe7 46.b4 axb4 47.axb4 
Ke6 48.Rf8 Be4 49.Ke2 Ke5 50.Rf1 d4 51.Rc1 Bd5 52.Re1 Be4 53.Rc1 Bd5 54.
Re1 Kd6 55.Kd3 c5 56.Rc1 Bc4+ 57.Rxc4 bxc4+ 58.Kxc4 cxb4 59.Kxd4 Ke6 60.
Kc4 Kf5 61.Kxb4 Kg4 62.Kc3 Kh3 63.Kd3 Kxh2 64.Ke4 Kg3 0-1

[Event "6th Asia-ch"]
[Site "Cebu City PHI"]
[Date "2007.09.28"]
[Round "10.34"]
[White "Maga, Mirabeau"]
[Black "Senador, Emmanuel"]
[Result "1/2-1/2"]
[WhiteElo "2361"]
[BlackElo "2380"]
[EventDate "2007.09.19"]
[PlyCount "24"]

1.e4 e5 2.Nf3 Nc6 3.Bb5 a6 4.Ba4 Nf6 5.Qe2 Qe7 6.c3 b5 7.Bc2 g6 8.O-O Bg7 
9.a4 Rb8 10.axb5 axb5 11.Na3 b4 12.Nb5 d6 1/2-1/2

[Event "6th Asia-ch"]
[Site "Cebu City PHI"]
[Date "2007.09.28"]
[Round "10.35"]
[White "Fancy, Stuart"]
[Black "Lanka, Ravi"]
[Result "0-1"]
[WhiteElo "2152"]
[BlackElo "2404"]
[EventDate "2007.09.19"]
[PlyCount "91"]

1.e4 e6 2.Nc3 d5 3.Nf3 Nf6 4.exd5 exd5 5.d4 Be7 6.h3 Bf5 7.Bd3 Bxd3 8.Qxd3
O-O 9.Qb5 b6 10.Ne5 c6 11.Qd3 Nfd7 12.O-O Nxe5 13.dxe5 Nd7 14.f4 Nc5 15.
Qe2 f5 16.b4 Ne6 17.a3 a5 18.b5 Bc5+ 19.Kh2 Bd4 20.Bb2 Rc8 21.Rab1 Bxc3 
22.Bxc3 cxb5 23.Ba1 b4 24.axb4 a4 25.Qb5 Rxc2 26.Qxa4 Qc7 27.Qb3 Qc4 28.
Qxc4 Rxc4 29.Kg3 Ra8 30.Rbd1 Ra3+ 31.Rf3 Rxf3+ 32.gxf3 Nxf4 33.e6 g5 34.
Be5 Nxe6 35.Rxd5 Rxb4 36.Bf6 Kf7 37.Rxf5 Rf4 38.Rb5 Rxf6 39.Rxb6 Nd4 40.
Rb7+ Kg6 41.Rd7 Rxf3+ 42.Kg2 Rf4 43.Rd6+ Kh5 44.Rd7 Kh6 45.Rd5 Nf5 46.Rd3 
0-1

[Event "6th Asia-ch"]
[Site "Cebu City PHI"]
[Date "2007.09.29"]
[Round "11.4"]
[White "Megaranto, Susanto"]
[Black "Antonio, Rogelio jr"]
[Result "1/2-1/2"]
[WhiteElo "2554"]
[BlackElo "2532"]
[EventDate "2007.09.19"]
[PlyCount "35"]

1.e4 c6 2.d4 d5 3.Nc3 dxe4 4.Nxe4 Bf5 5.Ng3 Bg6 6.h4 h6 7.Nf3 Nd7 8.h5 Bh7
9.Bd3 Bxd3 10.Qxd3 e6 11.Bd2 Ngf6 12.O-O-O Be7 13.Ne4 Nxe4 14.Qxe4 Nf6 15.
Qe2 Qd5 16.c4 Qe4 17.Qxe4 Nxe4 18.Be3 1/2-1/2

[Event "6th Asia-ch"]
[Site "Cebu City PHI"]
[Date "2007.09.29"]
[Round "11.6"]
[White "Filippov, Anton"]
[Black "Zhou Jianchao"]
[Result "0-1"]
[WhiteElo "2481"]
[BlackElo "2572"]
[EventDate "2007.09.19"]
[PlyCount "80"]

1.e4 c5 2.Nf3 d6 3.d4 cxd4 4.Nxd4 Nf6 5.Nc3 a6 6.Be3 e5 7.Nb3 Be7 8.Bc4 
O-O 9.Qd3 Nc6 10.a4 Nb4 11.Qd2 Qc7 12.Bd5 Nfxd5 13.exd5 Bf5 14.Rc1 b5 15.
O-O Nxc2 16.axb5 axb5 17.Ne2 Rfc8 18.f4 Qc4 19.Na1 Qd3 20.Rxc2 Rxc2 21.
Nxc2 Qxd2 22.Bxd2 Bxc2 23.Rc1 Bd3 24.Kf2 Bc4 25.Nc3 f5 26.Be3 exf4 27.Bxf4
g5 28.Be3 Kf7 29.Bd4 h5 30.g3 Ra6 31.h3 b4 32.Nd1 Bxd5 33.Ne3 Be4 34.Rc4 
d5 35.Rc7 Ke6 36.g4 fxg4 37.hxg4 Bd6 38.Rg7 h4 39.Nf1 Bf4 40.Rb7 Rc6 0-1

[Event "6th Asia-ch"]
[Site "Cebu City PHI"]
[Date "2007.09.29"]
[Round "11.7"]
[White "Yu Shaoteng"]
[Black "Gopal, Geetha Narayanan"]
[Result "1/2-1/2"]
[WhiteElo "2524"]
[BlackElo "2480"]
[EventDate "2007.09.19"]
[PlyCount "43"]

1.e4 c5 2.Nf3 d6 3.d4 cxd4 4.Nxd4 Nf6 5.Nc3 a6 6.Be3 e5 7.Nf3 Be7 8.Bc4 
O-O 9.O-O Nc6 10.Re1 b5 11.Bb3 Rb8 12.Bg5 Nd7 13.Bxe7 Qxe7 14.Nd5 Qd8 15.
c3 Nc5 16.Bc2 a5 17.Qd2 Bg4 18.Qe3 b4 19.h3 Be6 20.Red1 bxc3 21.Qxc3 a4 
22.Qe1 1/2-1/2